00638nam a2200217Ia 4500003000400000005001700004008004100021020001400062040000700076041000800083082002200091100002600113245002000139260004400159300001100203365001300214906002100227942001200248999001900260952014100279OSt20230506124703.0210423s2005 xx 000 0 und d a195674138 cAL aeng a541.24 223bSOFT aSOFTLEY (T P).999415 aAtomic spectra. aNew YorkbOxford University Pressc2005 a91bPB b125cINR aAtomic ; spectra 2ddccBK c163762d163762 001040708BIOCaSACPGbSACPGd2008-09-11eHigginbothams Pvt Ltdg125.00l0o541.24 SOFTpPG010259r2022-08-24 00:00:00w2021-04-26yBK